000 00674cam a2200169 4500500
005 20251228064228.0
041 _afre
042 _adc
100 1 0 _aChaslot-Robinet, Sylvie
_eauthor
700 1 0 _aVanlierde, Sabrina
_eauthor
700 1 0 _aDesmartin, Cécile
_eauthor
245 0 0 _aPréparer et vivre sa vieillesse : faire face aux nouveaux défis de l’avancée en âge Georges Arbuz, Paris, Éditions Seli Arslan, 2008, 256 p.
260 _c2011.
500 _a7
786 0 _nRetraite et société | 61 | 2 | 2011-08-01 | p. 252d-254d | 1167-4687
856 4 1 _uhttps://shs.cairn.info/revue-retraite-et-societe1-2011-2-page-252d?lang=fr&redirect-ssocas=7080
999 _c1589589
_d1589589